[Event "Tetraktys Concept Mgmt"]
[Site "Europe Echecs INT"]
[Date "2021.06.06"]
[Round "5"]
[White "Csano, Joseph"]
[Black "Casanovas, Jean Pierre"]
[Result "1/2-1/2"]
[WhiteElo "1490"]
[BlackElo "1180"]
[PlyCount "139"]
[EventDate "2021.06.06"]
[EventType "swiss (blitz)"]
[EventRounds "11"]
[EventCountry "FRA"]
[SourceTitle "CBM 202 Extra"]
[Source "ChessBase"]
[SourceDate "2021.07.31"]
[SourceVersion "1"]
[SourceVersionDate "2021.07.31"]
[SourceQuality "1"]

1. d4 d5 2. c4 c5 3. Nc3 e6 4. dxc5 Bxc5 5. cxd5 exd5 6. Qxd5 Qxd5 7. Nxd5 Bd6 8. Bf4 Bxf4 9. Nxf4 Na6 10. 0-0-0 Be6 11. b3 Rc8+ 12. Kb2 Bf5 13. Nd3 Nf6 14. f3 0-0 15. g4 Bg6 16. e4 Rc7 17. h4 h5 18. g5 Nh7 19. Bg2 Rfc8 20. Rc1 Rxc1 21. Nxc1 Rd8 22. Nge2 f6 23. f4 fxg5 24. f5 Bf7 25. hxg5 Nxg5 26. Nf4 Nb4 27. a3 Nc6 28. Ncd3 Nd4 29. b4 Rc8 30. Rc1 Rxc1 31. Kxc1 b6 32. Ne5 Be8 33. Kd2 Nb5 34. a4 Nd4 35. b5 Nb3+ 36. Kc3 Nc5 37. Kb4 Ngxe4 38. Nc6 Nd6 39. Nxa7 Nxf5 40. Nc8 Nd7 41. Nd5 Nd4 42. Ncxb6 Nxb6 43. Nxb6 Nc2+ 44. Ka5 Nd4 45. Nc4 Nb3+ 46. Kb6 Nd4 47. Bd5+ Kf8 48. Nd6 Bd7 49. a5 g5 50. a6 Nc2 51. a7 Nb4 52. Bc6 Bxc6 53. bxc6 Nd5+ 54. Kb7 Ke7 55. a8Q Kxd6 56. Qd8+ Ke5 57. c7 Nxc7 58. Kxc7 Kf5 59. Qf8+ Kg4 60. Kd6 h4 61. Ke5 h3 62. Qf5+ Kh4 63. Qh7+ Kg3 64. Ke4 g4 65. Qg6 h2 66. Qh6 Kg2 67. Kf4 g3 68. Qh4 h1Q 69. Qxh1+ Kxh1 70. Kxg3 1/2-1/2

[Event "Europe Echecs Blitz May op"]
[Site "Europe Echecs INT"]
[Date "2021.05.09"]
[Round "3"]
[White "Casanovas, Jean Pierre"]
[Black "Dubois, Martine"]
[Result "1-0"]
[WhiteElo "1180"]
[BlackElo "1780"]
[PlyCount "77"]
[EventDate "2021.05.09"]
[EventType "swiss (blitz)"]
[EventRounds "11"]
[EventCountry "FRA"]
[SourceTitle "CBM 202 Extra"]
[Source "ChessBase"]
[SourceDate "2021.07.31"]
[SourceVersion "1"]
[SourceVersionDate "2021.07.31"]
[SourceQuality "1"]

1. e4 e5 2. Nc3 Bc5 3. Bc4 Nf6 4. Nf3 d6 5. d3 c6 6. Bg5 0-0 7. 0-0 Bg4 8. h3 Be6 9. Bxe6 fxe6 10. Na4 Bb4 11. c3 Ba5 12. b4 Bc7 13. Qb3 d5 14. exd5 exd5 15. Nc5 Qc8 16. c4 b6 17. Na4 Nbd7 18. cxd5 Nxd5 19. Nc3 N7f6 20. Bxf6 Rxf6 21. Nxd5 cxd5 22. Qxd5+ Kh8 23. Rac1 Qd8 24. Qe4 Rf4 25. Qc6 Bd6 26. b5 Rf6 27. Rc2 Qf8 28. Rfc1 Bc5 29. Qe4 Re8 30. Ng5 Bxf2+ 31. Rxf2 g6 32. Rxf6 Qxf6 33. Nf3 Qe6 34. Rf1 Qxa2 35. Kh1 Qb2 36. Qc6 Qe2 37. Qf6+ Kg8 38. Rc1 Qxd3 39. Rc7 1-0

[Event "Europe Echecs Blitz May op"]
[Site "Europe Echecs INT"]
[Date "2021.05.09"]
[Round "11"]
[White "Casanovas, Jean Pierre"]
[Black "Valdazo, Raphael"]
[Result "1-0"]
[WhiteElo "1180"]
[BlackElo "1713"]
[PlyCount "81"]
[EventDate "2021.05.09"]
[EventType "swiss (blitz)"]
[EventRounds "11"]
[EventCountry "FRA"]
[SourceTitle "CBM 202 Extra"]
[Source "ChessBase"]
[SourceDate "2021.07.31"]
[SourceVersion "1"]
[SourceVersionDate "2021.07.31"]
[SourceQuality "1"]

1. e4 e5 2. Nf3 Nc6 3. Nc3 Nf6 4. Bc4 Nxe4 5. Nxe4 d5 6. Bd3 dxe4 7. Bxe4 Bd6 8. d4 exd4 9. Bxc6+ bxc6 10. Nxd4 0-0 11. 0-0 Bb7 12. Nf5 Qf6 13. Nxd6 cxd6 14. Qg4 Rad8 15. Bg5 Qxb2 16. Bxd8 Rxd8 17. Rab1 Qxc2 18. Rxb7 Qxa2 19. Qg5 Re8 20. Qf4 a5 21. Qxd6 h6 22. Qd7 Rf8 23. Qxc6 a4 24. Ra7 Qb3 25. Qxa4 Qb2 26. Ra8 Rxa8 27. Qxa8+ Kh7 28. Qe4+ g6 29. Qd5 Kg7 30. Re1 Qb4 31. Qe5+ Kg8 32. Ra1 Qb7 33. h3 h5 34. Rd1 Qb6 35. Qe8+ Kg7 36. Re1 h4 37. Qe5+ Kg8 38. Re4 Qb1+ 39. Kh2 Qc2 40. Rxh4 Qxf2 41. Rh8# 1-0

[Event "C'Chartres Blitz op April"]
[Site "Europe Echecs INT"]
[Date "2021.04.10"]
[Round "7"]
[White "Caubin, Frederic"]
[Black "Casanovas, Jean Pierre"]
[Result "1-0"]
[WhiteElo "1781"]
[BlackElo "1180"]
[PlyCount "131"]
[EventDate "2021.04.10"]
[EventType "swiss (blitz)"]
[EventRounds "11"]
[EventCountry "FRA"]
[SourceTitle "CBM 201 Extra"]
[Source "ChessBase"]
[SourceDate "2021.05.31"]
[SourceVersion "1"]
[SourceVersionDate "2021.05.31"]
[SourceQuality "1"]

1. e4 e5 2. f4 d6 3. Nf3 Nc6 4. Bc4 Bg4 5. d3 Nd4 6. 0-0 Nxf3+ 7. gxf3 Bh3 8. Rf2 d5 9. Bxd5 c6 10. Bb3 Bc5 11. Qe2 Qf6 12. f5 Qh4 13. Be3 Bxe3 14. Qxe3 Nf6 15. Nd2 Nh5 16. Nf1 Bxf1 17. Raxf1 Nf4 18. Kh1 0-0 19. Rd2 Nh5 20. Rg1 Nf4 21. Rg3 a6 22. Rdg2 Nxg2 23. Rxg2 Kh8 24. Rg4 Qh3 25. Qg1 g6 26. Rg3 Qh5 27. f6 Qh4 28. Rg5 Qf4 29. Qg3 Qxf6 30. Rxe5 Rae8 31. Rxe8 Rxe8 32. c3 Qd8 33. d4 Qe7 34. Qf4 Kg7 35. h4 Qf6 36. Qxf6+ Kxf6 37. Kg2 Kg7 38. Kg3 f5 39. e5 h5 40. Kf4 Re7 41. Kg5 b6 42. f4 c5 43. d5 b5 44. d6 Rd7 45. Be6 Rd8 46. Bd5 a5 47. b3 b4 48. c4 Rb8 49. Bc6 Rd8 50. Bb5 Rb8 51. d7 Rd8 52. e6 Kf8 53. Kxg6 Ke7 54. Kxf5 Rf8+ 55. Ke5 Rg8 56. f5 Rf8 57. Bc6 Rd8 58. Bf3 Rh8 59. f6+ Kd8 60. Bc6 Rf8 61. e7+ Kc7 62. exf8Q Kxc6 63. Qd6+ Kb7 64. d8Q Ka7 65. Q8b6+ Ka8 66. Qdb8# 1-0